[Event "Syre Memorial op 34th"]
[Site "Issy les Moulineaux"]
[Date "2011.06.03"]
[Round "2"]
[White "Castillon, Lionel"]
[Black "Payen, Arnaud"]
[Result "0-1"]
[WhiteElo "1946"]
[BlackElo "2346"]
[PlyCount "36"]
[EventDate "2011.06.03"]
[EventType "swiss"]
[EventRounds "6"]
[EventCountry "FRA"]
[SourceTitle "EXT 2012"]
[Source "ChessBase"]
[SourceDate "2011.11.24"]
[SourceVersion "1"]
[SourceVersionDate "2011.11.24"]
[SourceQuality "1"]

1. d4 g6 2. c4 Bg7 3. e4 Nc6 4. Ne2 e5 5. Be3 exd4 6. Nxd4 Nge7 7. Nc3 d6 8. Qd2 0-0 9. 0-0-0 f5 10. f3 fxe4 11. Nxe4 Nf5 12. Nxf5 Bxf5 13. Qd5+ Kh8 14. c5 Qe8 15. Bb5 Be6 16. Qd2 Bxa2 17. cxd6 cxd6 18. Qxd6 Rc8 0-1